Ważne postacie dla Polski po 1 podpowiedzi #1 - Statystyki

Ogólne statystyki
  • Ten quiz został rozwiązany 30 razy
  • Średni wynik to 10 z 15
Statystyki odpowiedzi
Podpowiedź Osoba % Poprawnych
Prezydent Polski Andrzej Duda
100%
Pierwszy król Polski Bolesław Chrobry
100%
Najlepsza Polska tenisistka Iga Świątek
97%
Papież Jan Paweł ll
97%
Przyjął Chrzest Polski Mieszko l
90%
Ostatni król Polski Stanisław August Poniatowski
83%
Zastał Polskę drewnianą a zostawił murowaną Kazimierz Wielki
80%
Pokonał turków pod Wiedniem w1683r. Jan lll Sobieski
73%
Pokonał Krzyżaków pod Grunwaldem Władysław Jagiełło
70%
Kobieta król Polski Jadwiga Andegewańska
63%
Przegrał bitwę o Waterloo Napoleon Bonaparte
43%
Pochodzi z Siedmiogrodu Stefan Batory
37%
Wygrała 90 plebiscyt przeglądu sportowego w Polsce Aleksandra Mirosław
33%
Trener reprezentacji męskiej Polskiw siatkówce Nicola Grbić
30%
Władca, który uczynił Płock stolicąPolski Władysław Herman
10%
Nie znaleziono quizów pasujących do podanych kryteriów
Rozkład punktacji
Procent ludzi z każdym wynikiem
Percentyl według liczby udzielonych odpowiedzi
Twoja historia wyników
Nie rozwiązałeś tego quizu